000 01532cam a22003617a 4500
001 13673947
005 20061219145813.0
008 040803s2004 nyua 001 0 eng d
010 _a2004301775
020 _a0071438289 (pbk.)
020 _a9780071438285 (pbk.)
035 _a(OCoLC)ocm55983652
040 _aKTP
_cKTP
_dDLC
042 _alccopycat
082 0 0 _a612
_222
_bLAY
100 1 _aLayman, Dale Pierre.
_923943
245 1 0 _aPhysiology Demystified /
_cDale Pierre Layman.
260 _aNew York :
_bMcGraw-Hill, 2004
_cc2004.
300 _axvii 411 p. :
_bill. ;
_c23 cm.
490 1 _aDemystified series
_923944
500 _a"A self-teaching guide"--Cover.
500 _aIncludes index.
541 _aDr. Shahrazad ;
650 0 _aHuman physiology
_vProgrammed instruction.
_923945
653 _aNursing
_bNUR
_cMay2011
830 0 _aMcGraw-Hill "Demystified" series.
_923946
856 4 2 _3Contributor biographical information
_uhttp://www.loc.gov/catdir/bios/mh051/2004301775.html
856 4 1 _3Table of contents
_uhttp://www.loc.gov/catdir/toc/mh051/2004301775.html
856 4 2 _3Publisher description
_uhttp://www.loc.gov/catdir/enhancements/fy0704/2004301775-d.html
942 _2ddc
_cNRB
999 _c15331
_d15331